| 000 | 00805nam a2200241Ia 4500 | ||
|---|---|---|---|
| 005 | 20230224102505.0 | ||
| 008 | 210716s2011 xx 000 0 und d | ||
| 020 | _a9788181476524 | ||
| 040 | _cAIMIT LIBRARY | ||
| 041 | _aeng | ||
| 082 |
_a004.65 _22 _bWALJ |
||
| 100 |
_aWalrand, Jean. _973178 |
||
| 245 |
_aHigh-performance communication networks / _cBy Jean Walrand and Pravin Varaiya. |
||
| 250 | _a2nd ed. | ||
| 260 |
_aNew Delhi : _bElsevier India Pvt Ltd , _c2011. |
||
| 300 |
_axxii,693p. ; _c23.5 cm. |
||
| 650 |
_aNetwork services and layered architectures _973179 |
||
| 650 |
_aPacket-switched networks _973180 |
||
| 650 |
_aCIrcuit-switched networks _973181 |
||
| 650 |
_aAsynchronous transfer mode _973182 |
||
| 700 |
_aVaraiya, Pravin. _973183 |
||
| 942 |
_2ddc _cBK _e2nd _k004.65 WALJ |
||
| 999 |
_c192434 _d192434 |
||